Statistiken für Erkenne das Album | Deutschrap Edition

Klicken Sie hier um das Quiz zu spielen!

Allgemein

  • Dieses Quiz wurde 270 mal gespielt
    (95 seit der letzten Aktualisierung)
  • Das Durchschnittsergebnis liegt bei 6 aus 16

Antwortstatistiken

Antwort% Korrekt
Palmen aus Plastik
86%
Sampler 5
86%
Berlin lebt 2
80%
Hurra Die Welt Geht Unter
75%
Jung, brutal, gutaussehend 3
75%
Stadtaffe
75%
Hollywood
67%
Obststand 2
67%
CLA$$IC
60%
High und Hungrig 3
60%
King
59%
Royal Bunker
59%
Wave
59%
Zenit
57%
King Lori
56%
CB6
54%
Maske
52%
Treppenhaus
48%
D.N.A.
45%
Maximum
45%
Fata Morgana
43%
Russisch Roulette
43%
Aura
41%
Mythos
38%
NWA
35%
Rap über Hass
35%
Asphalt Massaka 3
33%
Bitches brauchen Rap
32%
Breiter als der Türsteher
32%
Endstufe
32%
Rolexesh
28%
Aqua
27%
Ebbe & Flut
27%
Ya Hero Ya Mero
27%
Dreifarbenhaus
26%
Colucci
23%
Crossover
14%
Melodie
14%
Aus dem Schatten ins Licht
12%
Bling Bling
12%
Hinterland
12%
Highland
5%
Streben nach Glück
5%
XY
5%
4 gewinnt
4%
SchwarzWeiss
0%

Verteilung der Resultate

Perzentil nach korrekt beantworteten Fragen

Anzahl Personen mit jedem Resultat

Ihre Resultats-Entwicklung

Sie haben dieses Quiz seit der letzten Aktualisierung nicht gespielt